Το φαινόμενο του θερμοκηπίου : η υπ' αριθμόν ένα απειλή για την ανθρωπότητα
Αποθηκεύτηκε σε:
| Κύριος συγγραφέας: | |
|---|---|
| Μορφή: | Βιβλίο |
| Γλώσσα: | Greek |
| Δημοσίευση: |
Μυτιλήνη :
[Πασπάτης],
2006
|
| Θέματα: | |
| Ετικέτες: |
Προσθήκη ετικέτας
Δεν υπάρχουν, Καταχωρήστε ετικέτα πρώτοι!
|
MARC
| LEADER | 00000nam a2200000 i 4500 | ||
|---|---|---|---|
| 001 | 1/74141 | ||
| 008 | 080211s2006 gre d | ||
| 020 | |a 960-631-410-3 | ||
| 035 | |l 10094566 | ||
| 040 | |a GR-MY-UA |b gre |e aacr | ||
| 041 | 0 | |a gre | |
| 082 | 0 | |a 363.7387 |2 (22) | |
| 100 | 1 | |a Χουτζαίος, Γεώργιος Μ. | |
| 245 | 1 | 3 | |a Το φαινόμενο του θερμοκηπίου : |b η υπ' αριθμόν ένα απειλή για την ανθρωπότητα / |c Γεώργιος Μ. Χουτζαίος |
| 260 | |a Μυτιλήνη : |b [Πασπάτης], |c 2006 | ||
| 300 | |a 32 σ.; |b εικ.; |c 24 εκ. | ||
| 504 | |a Βιβλιογραφία: σ. 30. | ||
| 650 | 0 | 0 | |a Greenhouse effect, Atmospheric. |
| 852 | |a INST |b CHIOS |e 20080211 |h 363.7387 ΧΟΥ |p 005200027855 |q 005200027855 |t BK |y 0 | ||
| 852 | |a INST |b LESVOS |e 20080227 |h 363.7387 ΧΟΥ |p 005100038774 |q 005100038774 |t BK |y 0 | ||
| 852 | |a INST |b RHODES |e 20080212 |h 363.7387 ΧΟΥ |p 005400029927 |q 005400029927 |t BK |y 0 | ||
| 852 | |a INST |b SAMOS |e 20090603 |h 363.7387 ΧΟΥ |p 005300028603 |q 005300028603 |t BK |y 0 | ||
| 852 | |a INST |b SYROS |e 20090121 |h 363.7387 ΧΟΥ |p 005500008737 |q 005500008737 |t BK |y 0 | ||
| 901 | |a BIBL3-2009-2 | ||
| 901 | |a BIBL5-2009-1 | ||
| 901 | |a BIBL2-2008-1 | ||
| 901 | |a BIBL4-2008-1 | ||
| 901 | |a BIBL1-2008-1 | ||
| 909 | |a Σ |b 145502 | ||
| 909 | |a Ε |b 145503 | ||
| 909 | |a Χ |b 145504 | ||
| 909 | |a Ρ |b 145505 | ||
| 909 | |a Λ |b 145506 | ||
| 922 | |a 3ΕΛΗ |b 200801 |c ΕΠΕΑΕΚ2/ΤΜΗΜΑ ΜΑΘΗΜΑΤΙΚΩΝ |d Σ. ΠΑΤΑΚΗΣ | ||
| 922 | |a 5ΕΛΗ |b 200801 |c ΕΠΕΑΕΚ2/ΤΜΣΠΣ |d Σ. ΠΑΤΑΚΗΣ | ||
| 922 | |a 2ΕΛΗ |b 200801 |c ΕΠΕΑΕΚ2/ΚΥΒ |d Σ. ΠΑΤΑΚΗΣ | ||
| 922 | |a 4ΕΛΗ |b 200801 |c ΕΠΕΑΕΚ2/ΚΥΒ |d Σ. ΠΑΤΑΚΗΣ | ||
| 922 | |a 1ΕΛΗ |b 200801 |c ΤΑΚ/ΚΥΒ |d Σ. ΠΑΤΑΚΗΣ | ||
| 970 | |a ΒΑΣΙΛΑΚΗ |b ΝΙΚΗ |z 2008/02/11 | ||